OPAC Home

හිත හොඳ දොස්තරගේ අවතාරයේ අබිරහස (Record no. 40752)

MARC details
000 -LEADER
fixed length control field 00661nam a2200193Ia 4500
008 - FIXED-LENGTH DATA ELEMENTS--GENERAL INFORMATION
fixed length control field 120904t2003 xxu||||| |||| 00| 0 sin d
041 ## - LANGUAGE CODE
Language code of text/sound track or separate title Sinhala; Sinhalese
080 ## - UNIVERSAL DECIMAL CLASSIFICATION NUMBER
Universal Decimal Classification number 8-31 (eng)
Item number LOF
942 ## - ADDED ENTRY ELEMENTS (KOHA)
Koha item type Books
003 - CONTROL NUMBER IDENTIFIER
control field LK-CoDNM
040 ## - CATALOGING SOURCE
Original cataloging agency LK-CoDNM
Modifying agency LK-CoDNM
Description conventions LK-CoDNM
100 ## - MAIN ENTRY--PERSONAL NAME
Personal name Loftin,Hugh
700 ## - ADDED ENTRY--PERSONAL NAME
Personal name Gunasekara,Samarasingha
Relator term translater
245 ## - TITLE STATEMENT
Title හිත හොඳ දොස්තරගේ අවතාරයේ අබිරහස
246 ## - VARYING FORM OF TITLE
Title proper/short title Hitha Hoda Dostharage Awatharaye Abirahasa
260 ## - PUBLICATION, DISTRIBUTION, ETC. (IMPRINT)
Place of publication, distribution, etc. Sunera Publishers
-- Nugegoda
Date of publication, distribution, etc. 2003
300 ## - PHYSICAL DESCRIPTION
Other physical details 129p, ill, 21 cm
500 ## - GENERAL NOTE
General note Sinhalese Translation Of Hugh Lofting's of Doctor Dolittle's Caranvan - Part 2 & 3
Holdings
Withdrawn status Lost status Damaged status Not for loan Collection code Permanent Location Current Location Date acquired Full call number Barcode Koha item type
        Translation Library National Museum Colombo - Sri Lanka Library National Museum Colombo - Sri Lanka 2012-09-04 8-31 (eng) LOF 143335 Books
Copyright © 2023 Department of National Museum, Colombo 07, Sri Lanka Funded by UNESCO IFAP UNESCO